Statistics for Complete The Lyric-Encanto

Click here to take the quiz!

General Stats

  • This quiz has been taken 173 times
  • The average score is 7 of 9

Answer Stats

SongLyricCompleted Lyric% Correct
Waiting On A MiracleI can't move the mountains
I can't make the _______ bloom
I can't take another night up in my room
Flowers
93%
We Don't Talk About BrunoIn doing so, he floods my brain
Abuela, get the _________
Married in a hurricane
Umbrellas
93%
Surface PressurePressure like a tick, tick, tick 'til it's ready to blow, whoa
Give it to your ______, your sister's stronger
See if she can hang on a little longer
Sister
90%
The Family MadrigalThat’s life in the Family Madrigal (whoa)
Now you know the Family Madrigal (whoa)
Where all the people are _________ and magical (whoa)
Fantastical
81%
The Family MadrigalMy older sisters
Isabela and Luisa
One strong, One ________
Perfect In Every Way
Graceful
77%
Waiting On A MiracleAlways walking alone
Always wanting for more
Like I'm still at that ____ longing to shine
Door
73%
Surface PressureUnder the surface
I feel berserk as a ________ walker in a three-ring circus
Tightrope
72%
We Don't Talk About BrunoIt's a heavy lift, with a gift so humbling
Always left Abuela and the family fumbling
Grappling with _________ they couldn't understand
Prophecies
60%
What Else Can I Do?Careful, it's carnivorous, a little just won't do
I wanna feel the ______ of something new
I'm so sick of pretty, I want something true, don't you?
Shiver
44%

Score Distribution

Percentile by Number Answered

Percent of People with Each Score

Your Score History

You have not taken this quiz